Statistiques concernant Les villes méditerranéennes de plus de 150 000 habitants

Cliquez ici pour prendre le quiz!

Statistiques générales

  • Ce quiz a été pris 167 fois
  • Le résultat moyen est 26 sur 55

Statistiques - réponses

PopulationVille% Correct
2 481 788 - AlgérieAlger
99%
1 620 809 - EspagneBarcelone
96%
861 365 - FranceMarseille
96%
968 736 - ItalieNaples
96%
4 388 219 - ÉgypteAlexandrie
95%
638 845 - TunisieTunis
93%
664 046 - GrèceAthènes
92%
1 682 000 - LibyeTripoli
91%
850 000 - LibanTripoli
91%
342 522 - FranceNice
90%
787 808 - EspagneValence
89%
438 800 - IsraëlTel-Aviv
86%
676 118 - ItaliePalerme
80%
592 995 - ItalieGênes
77%
363 033 - LibanBeyrouth
74%
609 940 - AlgérieOran
71%
947 952 - MarocTanger
71%
2 774 103 - TurquieIzmir
70%
167 479 - FranceToulon
69%
449 221 - Territoires palestiniensGaza
64%
569 130 - EspagneMalaga
63%
269 810 - ItalieVenise
63%
325 000 - ItalieBari
61%
2 328 555 - TurquieAntalya
60%
315 576 - ItalieCatane
54%
167 121 - CroatieSplit
53%
322 240 - GrèceThessalonique
47%
329 988 - EspagneAlicante
46%
631 555 - LibyeBenghazi
36%
277 100 - IsraëlHaïfa
33%
240 307 - ItalieMessine
31%
406 492 - EspagnePalma de Majorque
31%
603 787 - ÉgyptePort-Saïd
31%
228 000 - ChypreLimassol
29%
205 535 - ItalieTrieste
29%
272 801 - TunisieSfax
27%
221 530 - TunisieSousse
22%
163 726 - TunisieDjerba
21%
191 810 - ItalieTarente
21%
380 787 - MarocTétouan
17%
700 000 - SyrieLattaquié
15%
177 988 - AlgérieBéjaïa
14%
214 165 - EspagneCarthagène
14%
210 494 - GrècePatras
13%
201 110 - AlbanieDurrës
12%
161 726 - MarocNador
12%
257 359 - AlgérieAnnaba
11%
1 800 000 - TurquieMersin
9%
230 000 - MarocAl Hoceïma
8%
215 848 - EspagneBadalona
7%
259 056 - LibyeMisrata
6%
153 332 - AlgérieMostaganem
6%
220 174 - IsraëlAshdod
4%
198 567 - LibyeZaouïa
3%
177 294 - TurquieAlexandrette
2%

Distribution des résultats

Percentile par nombre de réponses

% des personnes avec chaque résultat

Votre développement - résultats

Vous n’avez pas pris ce quiz